000 00504nam a2200193Ia 4500
008 101110s9999 xx 000 0 und d
041 _aENGLISH
082 _bSR13840
_a657
100 _aPatil and Korlahalli
245 _aPrinciples and Practice of Accountancy
365 _b40
520 _aCommerce
546 _aENGLISH
630 _aPrinciples and Practice of Accountancy
650 _aCommerce
655 _aCommerce
730 _aPrinciples and Practice of Accountancy
942 _cBOOK
999 _c807976
_d807973